000 00984nam a22001935i 4500
001 153209
003 ES-MaACL
005 20230906205055.0
008 040719s1895 sp |||| | spa d
040 _aCAM
_bspa
_cCAM
110 2 _aComisión de repoblación de la Cuenca del Lozoya.
_9134281
245 1 0 _aRelación valorada de los trabajos ejecutados, semillas empleadas y material adquirido para la repoblación del primer perímetro de la primera porción de la Sección primera durante la campaña que comprende los meses de mayo á octubre inclusives de 1894 /
_cComisión de repoblación de la Cuenca del Lozoya.
260 _aMadrid :
_b[s.n.],
_c1895 (
_fImprenta de Ricardo Rojas)
300 _a27 p. ;
_c23 cm.
594 _aMemoria firmada por Luis Heraso.
650 4 _aRepoblación forestal-
_zLozoya (España, Valle)
_9152114
700 1 1 _aHeraso, Luis.
_9127866
852 _aES-MaACL
_jG-9538
_z-- Enc. hol., falto de la cub. original
_z-- Enc. en un vol. facticio
999 _c153209
_d153209